000 00272nam a2200121 a 4500
008 100922s1988|||| d
245 1 0 _aGorily v mlze
100 1 _aFosseyová, Dian
260 _bMladá Fronta
_aPraha
_c1988
020 _c31
044 _aCZ
041 _acze
999 _c10611
_d10611